00394cam a2200157ua 45000010005000000080039000050400009000440410008000530820012000611000037000732450047001102500012001572600035001693000010002046530022002149921161012n ii |||gr||||Z||||||asm cMAIN aasm a891.451 aHazarika, Chandrakamal,eAuthor. aDinlipir kotharecBy Chandrakamal Hazarika a1st ed. a[s.l]:bMukul Hazarika,c2016. a141p. aAsamiya prabandha